| 000 | 01021nam a22002531a 4500 | ||
|---|---|---|---|
| 001 | 38259 | ||
| 003 | BD-RjUL | ||
| 005 | 20211209052747.0 | ||
| 008 | 151018s1971 ii 000 0 ben | ||
| 035 | _a(BD-RjUL)38364 | ||
| 040 |
_aDLC _cNN _dDLC _dBD-RjUL _bben |
||
| 041 | _aben | ||
| 082 |
_222 _a891.4409 _bSEP 1971 |
||
| 100 | 1 |
_aসেন, উমা _9118277 |
|
| 245 | 1 | 0 |
_aপ্রাচীন ও মধ্যযুগের বাংলা সাহিত্য সাধারণ মানুষ / _cউমা সেন |
| 260 |
_aকলকাতা : _bজিজ্ঞাসা, _c১৯৭১. |
||
| 300 |
_a১৩, ২৪৬ পৃ. ; _c২২ সেমি. |
||
| 500 | _aIn Bengali. | ||
| 500 | _a"Nibandhaṭi 1969 sāle [Biśvabhāratī] Biśvabidyālaẏera Pi-eicha. Ḍi.-ra upādhi lābhera yogya gabeshaṇānibandha rūpe svīkr̥ti lābha kare." | ||
| 650 | 0 |
_aBengali literature _xHistory and criticism. _9117020 |
|
| 942 |
_2ddc _cBK _01 |
||
| 999 |
_c38259 _d38259 |
||